Les activites mentales : comprendre, raisonner trouver des solution

Αποθηκεύτηκε σε:
Λεπτομέρειες βιβλιογραφικής εγγραφής
Κύριος συγγραφέας: Richard, Jean Francois
Μορφή: Βιβλίο
Γλώσσα:French
Δημοσίευση: Paris : Arman Colin, 1995
Έκδοση:2me ed.
Σειρά:Collection U. Serie Psychologie
Θέματα:
Ετικέτες: Προσθήκη ετικέτας
Δεν υπάρχουν, Καταχωρήστε ετικέτα πρώτοι!

MARC

LEADER 00000nam a2200000 i 4500
001 1/83993
008 980306s1995 fre d
020 |a 2-200-21628-9 
035 |a 1998  |b 1  |c Καλαβάσης  |l 10034334 
040 |a GR-MY-UA  |b gre  |e aacr 
041 0 |a fre 
082 0 |a 153 
100 1 |a Richard, Jean Francois. 
245 1 4 |a Les activites mentales :  |b comprendre, raisonner trouver des solution /  |c Jean-Francois Richard 
250 |a 2me ed. 
260 |a Paris :   |b Arman Colin,   |c 1995 
300 |a 446 p. 
490 1 |a Collection U. Serie Psychologie 
650 0 0 |a Cognition. 
830 0 |a Collection U. Serie Psychologie 
852 |a INST  |b RHODES  |e 19980306  |h 153 RIC  |p 005400011008  |q 005400011008  |t BK  |y 0 
901 |a BIBL-1998-1 
909 |a Ρ  |b 052975  |c 1998